<?xml version="1.0" encoding="UTF-8"?>
<record
    xmlns:xsi="http://www.w3.org/2001/XMLSchema-instance"
    xsi:schemaLocation="http://www.loc.gov/MARC21/slim http://www.loc.gov/standards/marcxml/schema/MARC21slim.xsd"
    xmlns="http://www.loc.gov/MARC21/slim">

  <leader>00630nam a22001337a 4500</leader>
  <datafield tag="040" ind1=" " ind2=" ">
    <subfield code="c">RUA</subfield>
  </datafield>
  <datafield tag="082" ind1=" " ind2=" ">
    <subfield code="a">AVM LY 2015 B508 Or.1</subfield>
  </datafield>
  <datafield tag="100" ind1=" " ind2=" ">
    <subfield code="a">LY SENGNAK, &#x179B;&#x17B8; &#x179F;&#x17C1;&#x1784;&#x178E;&#x17B6;&#x1780;&#x17CB;</subfield>
  </datafield>
  <datafield tag="245" ind1=" " ind2=" ">
    <subfield code="a">Study on infectious disease of pigs in treang district takeo province, &#x179F;&#x17B7;&#x1780;&#x17D2;&#x179F;&#x17B6;&#x17A2;&#x17C6;&#x1796;&#x17B8;&#x1787;&#x17C6;&#x1784;&#x17BA;&#x1786;&#x17D2;&#x179B;&#x1784;&#x178A;&#x17C2;&#x179B;&#x1787;&#x17BD;&#x1794;&#x1794;&#x17D2;&#x179A;&#x1791;&#x17C7;&#x179B;&#x17BE;&#x1787;&#x17D2;&#x179A;&#x17BC;&#x1780;&#x1793;&#x17C5;&#x179F;&#x17D2;&#x179A;&#x17BB;&#x1780;&#x1791;&#x17D2;&#x179A;&#x17B6;&#x17C6;&#x1784; &#x1781;&#x17C1;&#x178F;&#x17D2;&#x178F;&#x178F;&#x17B6;&#x1780;&#x17C2;&#x179C;</subfield>
  </datafield>
  <datafield tag="260" ind1=" " ind2=" ">
    <subfield code="a">Phnom Penh</subfield>
    <subfield code="b">RUA</subfield>
    <subfield code="c">2015</subfield>
  </datafield>
  <datafield tag="300" ind1=" " ind2=" ">
    <subfield code="a">vii; 42p.</subfield>
    <subfield code="b">ill.</subfield>
    <subfield code="c">29cm.</subfield>
  </datafield>
  <datafield tag="856" ind1=" " ind2=" ">
    <subfield code="u">https://drive.google.com/file/d/1Zo0fJhVfp_z-AG6JZn6qVSDsVaZHj4hL/view?usp=sharing</subfield>
  </datafield>
  <datafield tag="942" ind1=" " ind2=" ">
    <subfield code="c">AVM</subfield>
  </datafield>
  <datafield tag="999" ind1=" " ind2=" ">
    <subfield code="c">8920</subfield>
    <subfield code="d">8920</subfield>
  </datafield>
  <datafield tag="952" ind1=" " ind2=" ">
    <subfield code="0">0</subfield>
    <subfield code="1">0</subfield>
    <subfield code="2">ddc</subfield>
    <subfield code="4">0</subfield>
    <subfield code="6">AVM_LY_2015_000000000000000_B508_OR_1</subfield>
    <subfield code="7">0</subfield>
    <subfield code="9">50039</subfield>
    <subfield code="a">LBB</subfield>
    <subfield code="b">LBB</subfield>
    <subfield code="c">B508</subfield>
    <subfield code="d">2016-08-19</subfield>
    <subfield code="o">AVM LY 2015 B508 Or.1</subfield>
    <subfield code="p">RUA060608</subfield>
    <subfield code="r">2016-08-19</subfield>
    <subfield code="w">2016-08-19</subfield>
    <subfield code="y">AVM</subfield>
  </datafield>
  <datafield tag="952" ind1=" " ind2=" ">
    <subfield code="0">0</subfield>
    <subfield code="1">0</subfield>
    <subfield code="2">ddc</subfield>
    <subfield code="4">0</subfield>
    <subfield code="6">AVM_LY_2015_000000000000000_B508_OR_2</subfield>
    <subfield code="7">0</subfield>
    <subfield code="9">50040</subfield>
    <subfield code="a">LBB</subfield>
    <subfield code="b">LBB</subfield>
    <subfield code="c">B508</subfield>
    <subfield code="d">2016-08-19</subfield>
    <subfield code="l">1</subfield>
    <subfield code="o">AVM LY 2015 B508 Or.2</subfield>
    <subfield code="p">RUA060850</subfield>
    <subfield code="r">2017-01-13</subfield>
    <subfield code="s">2016-12-19</subfield>
    <subfield code="w">2016-08-19</subfield>
    <subfield code="y">AVM</subfield>
  </datafield>
  <datafield tag="952" ind1=" " ind2=" ">
    <subfield code="0">0</subfield>
    <subfield code="1">0</subfield>
    <subfield code="2">ddc</subfield>
    <subfield code="4">0</subfield>
    <subfield code="6">AVM_LY_2015_000000000000000_B508_OR_3</subfield>
    <subfield code="7">0</subfield>
    <subfield code="9">50041</subfield>
    <subfield code="a">LBB</subfield>
    <subfield code="b">LBB</subfield>
    <subfield code="c">B508</subfield>
    <subfield code="d">2016-08-19</subfield>
    <subfield code="o">AVM LY 2015 B508 Or.3</subfield>
    <subfield code="p">RUA060996</subfield>
    <subfield code="r">2016-08-19</subfield>
    <subfield code="w">2016-08-19</subfield>
    <subfield code="y">AVM</subfield>
  </datafield>
  <datafield tag="952" ind1=" " ind2=" ">
    <subfield code="0">0</subfield>
    <subfield code="1">0</subfield>
    <subfield code="2">ddc</subfield>
    <subfield code="4">0</subfield>
    <subfield code="6">AVM_LY_2015_000000000000000_B508_OR_4</subfield>
    <subfield code="7">0</subfield>
    <subfield code="9">50042</subfield>
    <subfield code="a">LBB</subfield>
    <subfield code="b">LBB</subfield>
    <subfield code="c">B508</subfield>
    <subfield code="d">2016-08-19</subfield>
    <subfield code="o">AVM LY 2015 B508 Or.4</subfield>
    <subfield code="p">RUA060728</subfield>
    <subfield code="r">2016-08-19</subfield>
    <subfield code="w">2016-08-19</subfield>
    <subfield code="y">AVM</subfield>
  </datafield>
  <datafield tag="952" ind1=" " ind2=" ">
    <subfield code="0">0</subfield>
    <subfield code="1">0</subfield>
    <subfield code="2">ddc</subfield>
    <subfield code="4">0</subfield>
    <subfield code="6">AVM_LY_2015_000000000000000_B508_OR_5</subfield>
    <subfield code="7">0</subfield>
    <subfield code="9">50043</subfield>
    <subfield code="a">LBB</subfield>
    <subfield code="b">LBB</subfield>
    <subfield code="c">B508</subfield>
    <subfield code="d">2016-08-19</subfield>
    <subfield code="o">AVM LY 2015 B508 Or.5</subfield>
    <subfield code="p">RUA059972</subfield>
    <subfield code="r">2016-08-19</subfield>
    <subfield code="w">2016-08-19</subfield>
    <subfield code="y">AVM</subfield>
  </datafield>
  <datafield tag="952" ind1=" " ind2=" ">
    <subfield code="0">0</subfield>
    <subfield code="1">0</subfield>
    <subfield code="2">ddc</subfield>
    <subfield code="4">0</subfield>
    <subfield code="6">AVM_LY_2015_000000000000000_B508_OR_6</subfield>
    <subfield code="7">0</subfield>
    <subfield code="9">50044</subfield>
    <subfield code="a">LBB</subfield>
    <subfield code="b">LBB</subfield>
    <subfield code="c">B508</subfield>
    <subfield code="d">2016-08-19</subfield>
    <subfield code="o">AVM LY 2015 B508 Or.6</subfield>
    <subfield code="p">RUA060522</subfield>
    <subfield code="r">2016-08-19</subfield>
    <subfield code="w">2016-08-19</subfield>
    <subfield code="y">AVM</subfield>
  </datafield>
  <datafield tag="952" ind1=" " ind2=" ">
    <subfield code="0">0</subfield>
    <subfield code="1">0</subfield>
    <subfield code="2">ddc</subfield>
    <subfield code="4">0</subfield>
    <subfield code="6">AVM_LY_2015_000000000000000_B508_OR_7</subfield>
    <subfield code="7">0</subfield>
    <subfield code="9">50045</subfield>
    <subfield code="a">LBB</subfield>
    <subfield code="b">LBB</subfield>
    <subfield code="c">B508</subfield>
    <subfield code="d">2016-08-19</subfield>
    <subfield code="o">AVM LY 2015 B508 Or.7</subfield>
    <subfield code="p">RUA060820</subfield>
    <subfield code="r">2016-08-19</subfield>
    <subfield code="w">2016-08-19</subfield>
    <subfield code="y">AVM</subfield>
  </datafield>
  <datafield tag="952" ind1=" " ind2=" ">
    <subfield code="0">0</subfield>
    <subfield code="1">0</subfield>
    <subfield code="2">ddc</subfield>
    <subfield code="4">0</subfield>
    <subfield code="6">AVM_LY_2015_000000000000000_B508_OR_8</subfield>
    <subfield code="7">0</subfield>
    <subfield code="9">50046</subfield>
    <subfield code="a">LBB</subfield>
    <subfield code="b">LBB</subfield>
    <subfield code="c">B508</subfield>
    <subfield code="d">2016-08-19</subfield>
    <subfield code="o">AVM LY 2015 B508 Or.8</subfield>
    <subfield code="p">RUA059943</subfield>
    <subfield code="r">2017-02-23</subfield>
    <subfield code="w">2016-08-19</subfield>
    <subfield code="y">AVM</subfield>
  </datafield>
  <datafield tag="952" ind1=" " ind2=" ">
    <subfield code="0">0</subfield>
    <subfield code="1">0</subfield>
    <subfield code="4">0</subfield>
    <subfield code="6">AVM_LY_2015_000000000000000_B690_OR_1</subfield>
    <subfield code="7">0</subfield>
    <subfield code="9">87290</subfield>
    <subfield code="a">LBB</subfield>
    <subfield code="b">LBB</subfield>
    <subfield code="c">B690</subfield>
    <subfield code="d">2021-11-08</subfield>
    <subfield code="o">AVM LY 2015 B690 Or.1</subfield>
    <subfield code="r">2021-11-08</subfield>
    <subfield code="w">2021-11-08</subfield>
    <subfield code="y">AVM</subfield>
  </datafield>
  <datafield tag="952" ind1=" " ind2=" ">
    <subfield code="0">0</subfield>
    <subfield code="1">0</subfield>
    <subfield code="4">0</subfield>
    <subfield code="6">AVM_LY_2015_000000000000000_B690_OR_1</subfield>
    <subfield code="7">0</subfield>
    <subfield code="9">87291</subfield>
    <subfield code="a">LBB</subfield>
    <subfield code="b">LBB</subfield>
    <subfield code="c">B690</subfield>
    <subfield code="d">2021-11-08</subfield>
    <subfield code="o">AVM LY 2015 B690 Or.1</subfield>
    <subfield code="r">2021-11-08</subfield>
    <subfield code="w">2021-11-08</subfield>
    <subfield code="y">AVM</subfield>
  </datafield>
</record>
